BAZE UNIVERSITY LAW JOURNAL (Record no. 43667)

MARC details
003 - CONTROL NUMBER IDENTIFIER
control field 43667
005 - DATE AND TIME OF LATEST TRANSACTION
control field 20251006203037.0
008 - FIXED-LENGTH DATA ELEMENTS--GENERAL INFORMATION
fixed length control field 251006b |||||||| |||| 00| 0 eng d
022 ## - INTERNATIONAL STANDARD SERIAL NUMBER
International Standard Serial Number 2635-3156
040 ## - CATALOGING SOURCE
Transcribing agency Nile University of Nigeria, Abuja.
Description conventions rda
050 ## - LIBRARY OF CONGRESS CALL NUMBER
Classification number K 60 .B3
082 ## - DEWEY DECIMAL CLASSIFICATION NUMBER
Classification number K 60 .B3
245 ## - TITLE STATEMENT
Title BAZE UNIVERSITY LAW JOURNAL
250 ## - EDITION STATEMENT
Edition statement Vol1/2,2017/18
260 ## - PUBLICATION, DISTRIBUTION, ETC. (IMPRINT)
Place of publication, distribution, etc Abuja
Name of publisher, distributor, etc Baze university Press
Date of publication, distribution, etc 2017/2018
264 ## - PUBLICATION, DISTRIBUTION, ETC. (IMPRINT)
Place of publication, distribution, etc Abuja
Name of publisher, distributor, etc Baze university Press
Date of publication, distribution, etc 2017/2018
300 ## - PHYSICAL DESCRIPTION
Extent vi, 267 pg., 35 cm
336 ## - CONTENT TYPE
Source rdacontent
338 ## - CARRIER TYPE
Source rdacarrier
942 ## - ADDED ENTRY ELEMENTS (KOHA)
Source of classification or shelving scheme Library of Congress Classification
Koha item type JOURNALS
Holdings
Withdrawn status Lost status Source of classification or shelving scheme Damaged status Not for loan Permanent Location Current Location Shelving location Date acquired Total Checkouts Date last seen Price effective from Koha item type
    Library of Congress Classification     Law Library Law Library Items on shelf 06/13/2017   10/06/2025 10/06/2025 JOURNALS
    Library of Congress Classification     Law Library Law Library Items on shelf 06/13/2017   10/06/2025 10/06/2025 JOURNALS
    Library of Congress Classification     Law Library Law Library Items on shelf 06/13/2017   10/06/2025 10/06/2025 JOURNALS
    Library of Congress Classification     Law Library Law Library Items on shelf 06/13/2017   10/06/2025 10/06/2025 JOURNALS
    Library of Congress Classification     Law Library Law Library Items on shelf 06/13/2017   10/06/2025 10/06/2025 JOURNALS
    Library of Congress Classification     Law Library Law Library Items on shelf 06/13/2017   10/06/2025 10/06/2025 JOURNALS
    Library of Congress Classification     Law Library Law Library Items on shelf 06/13/2017   10/06/2025 10/06/2025 JOURNALS